| 000 | 00530nam a22001937a 4500 | ||
|---|---|---|---|
| 003 | CEME | ||
| 005 | 20210628203039.0 | ||
| 008 | 210120b xxu||||| |||| 00| 0 eng d | ||
| 020 | _a81-317-1089-0 | ||
| 040 | _c. | ||
| 082 | _a658.16 STI | ||
| 100 |
_aStill , Richard R, Cundiff, Edward W, Govoni ,N.A.P _963007 |
||
| 245 | _aSales management, decisions, strategies and cases | ||
| 250 | _a5TH | ||
| 260 |
_aINDIA _bPEARSON EDUCATION ASIA _c2007 |
||
| 300 | _a636P | ||
| 650 |
_aSALES MANAGEMENT _957538 |
||
| 942 |
_cBK _2ddc |
||
| 999 |
_c571958 _d571958 |
||